Culture and Conflict/ (Record no. 2904)

MARC details
000 -LEADER
campo de control de longitud fija 00813nam a22002297a 4500
003 - IDENTIFICADOR DE NÚMERO DE CONTROL
campo de control OSt
005 - FECHA Y HORA DE LA ÚLTIMA TRANSACCIÓN
campo de control 20230126094701.0
008 - DATOS DE LONGITUD FIJA--INFORMACIÓN GENERAL
campo de control de longitud fija 160111b xxu||||| |||| 00| 0 eng d
020 ## - NÚMERO INTERNACIONAL ESTÁNDAR DEL LIBRO
Número Internacional Estándar del Libro 978 90 76162 11 9
040 ## - FUENTE DE CATALOGACIÓN
Centro/agencia transcriptor Lado V
082 ## - NÚMERO DE LA CLASIFICACIÓN DECIMAL DEWEY
Número de clasificación 700.79
Número de ítem B892c
100 ## - ENTRADA PRINCIPAL--NOMBRE DE PERSONA
Nombre de persona Bruin-Derakhshani, Fariba de
9 (RLIN) 633
Término indicativo de función/relación editora
245 ## - MENCIÓN DEL TÍTULO
Título Culture and Conflict/
Resto del título Prince Claus Awards/
260 ## - PUBLICACIÓN, DISTRIBUCIÓN, ETC.
Lugar de publicación, distribución, etc. Amsterdam
Nombre del editor, distribuidor, etc. Fundacion Principe cCaus
Fecha de publicación, distribución, etc. 2007
300 ## - DESCRIPCIÓN FÍSICA
Extensión 127p.
Otras características físicas il. (col.)
Dimensiones 17x23cm.
500 ## - NOTA GENERAL
Nota general Notas en español, inglés y alemán
650 ## - PUNTO DE ACCESO ADICIONAL DE MATERIA--TÉRMINO DE MATERIA
Término de materia o nombre geográfico como elemento de entrada PREMIOS DE ARTE
Fuente del encabezamiento o término Tesauro de Arte & Arquitectura
650 ## - PUNTO DE ACCESO ADICIONAL DE MATERIA--TÉRMINO DE MATERIA
Término de materia o nombre geográfico como elemento de entrada EXHIBICION
Fuente del encabezamiento o término Tesauro de Arte & Arquitectura
650 ## - PUNTO DE ACCESO ADICIONAL DE MATERIA--TÉRMINO DE MATERIA
Término de materia o nombre geográfico como elemento de entrada ARTE
Fuente del encabezamiento o término Tesauro de Arte & Arquitectura
650 ## - PUNTO DE ACCESO ADICIONAL DE MATERIA--TÉRMINO DE MATERIA
Término de materia o nombre geográfico como elemento de entrada CATALOGO
Fuente del encabezamiento o término Tesauro de Arte & Arquitectura
942 ## - ELEMENTOS DE ENTRADA SECUNDARIOS (KOHA)
Fuente del sistema de clasificación o colocación Clasificación Decimal Dewey
Tipo de ítem Koha Libros
Suprimir en OPAC No
Parte de la signatura que corresponde a la clasificación (Parte de la clasificación) 700.79
Parte de la signatura que identifica el ejemplar (Parte del ítem) B892c
Holdings
Estatus retirado Estado de pérdida Fuente del sistema de clasificación o colocación Estado de daño No para préstamo Biblioteca de origen Biblioteca actual Fecha de adquisición Número de inventario Total de préstamos Signatura topográfica completa Código de barras Visto por última vez Precio de reemplazo Tipo de ítem Koha
    Clasificación Decimal Dewey     Biblioteca LadoV Biblioteca LadoV 26/01/2023 001385   700.79 B892c 001385 26/01/2023 26/01/2023 Libros